| 000 | 00928nam a2200265 a 4500 | ||
|---|---|---|---|
| 003 | OSt | ||
| 005 | 20140109185459.0 | ||
| 008 | 131205s2013 spc ||||| ||| 000 0dcat d | ||
| 017 |
_aDL B. 22564-2013 _bBiblioteca de Catalunya |
||
| 020 | _a9788494103131 | ||
| 040 |
_bcat _cCDMR |
||
| 100 | 1 | _aAltarriba, Laia | |
| 245 | 1 | 0 |
_aVint i Ramon Barnils _cLaia Altarriba |
| 260 |
_aBarcelona _bDau _bGrup de Periodistes Ramon Barnils _c2013 |
||
| 300 |
_a199 p. _c24 cm + _e1 disc òptic (DVD) (44 min) |
||
| 490 | 1 |
_aRetrats ; _v11 |
|
| 505 | 8 | _aInclou el documental: Barnils, tal com raja / Laia Soldevila i Albert Lloreta | |
| 600 | 1 | 7 |
_aBarnils, Ramon _d1940-2001 _2lemac _9186 |
| 650 | 7 |
_aPeriodistes _zCatalunya _yS. XX _2lemac _92273 |
|
| 700 | 1 |
_aSoldevila, Laia, _d1985- |
|
| 700 | 1 | _aLloreta, Albert | |
| 710 | 2 |
_aGrup de Periodistes Ramon Barnils _92397 |
|
| 740 | 0 | 2 | _aBarnils, tal com raja (Documental) |
| 942 |
_2udc _cMON |
||
| 999 |
_c6690 _d6690 |
||